Principles of arbitration (Record no. 102229)

MARC details
000 -LEADER
fixed length control field 01305cam a2200277 4500
008 - FIXED-LENGTH DATA ELEMENTS--GENERAL INFORMATION
fixed length control field #DATE n2001 000 0 eng u
020 ## - INTERNATIONAL STANDARD BOOK NUMBER
International Standard Book Number 1899769498
035 ## - SYSTEM CONTROL NUMBER
System control number (Sirsi) u118987
041 ## - LANGUAGE CODE
Language code of text/sound track or separate title eng
050 ## - LIBRARY OF CONGRESS CALL NUMBER
Classification number 347.4109
-- 18
100 ## - MAIN ENTRY--PERSONAL NAME
Personal name Milne, Michael
245 ## - TITLE STATEMENT
Title Principles of arbitration
Remainder of title CPD study pack.
250 ## - EDITION STATEMENT
Edition statement 2nd ed.
260 ## - PUBLICATION, DISTRIBUTION, ETC.
Place of publication, distribution, etc. Reading
Name of publisher, distributor, etc. College of Estate Management
Date of publication, distribution, etc. 2001
300 ## - PHYSICAL DESCRIPTION
Extent v, 30p.
Dimensions 30cm. + 1 audio cassette (ca. 60 min.)
350 ## - PRICE (NR) (BK AM CF MU VM SE) [OBSOLETE]
Price £35.50
490 ## - SERIES STATEMENT
Series statement College of Estate Management CPD Study Pack
520 ## - SUMMARY, ETC.
Summary, etc. Aims to explain the meaning and purpose of arbitration and to put the process of arbitration into context compared with other dispute resolution techniques. Outlines the merits of arbitration as well as discussing the provisions of the Arbitration Act 1996 and describing the nature of a typical arbitration.
520 ## - SUMMARY, ETC.
Summary, etc. Accompanied by the Owlion Audio Tape entitled "Arbitration: the 1995 and 1996 legislation" which is catalogued separately (J84321).
650 ## - SUBJECT ADDED ENTRY--TOPICAL TERM
Topical term or geographic name entry element ARBITRATION ACT 1996
650 ## - SUBJECT ADDED ENTRY--TOPICAL TERM
Topical term or geographic name entry element MANAGEMENT-DISPUTE AVOIDANCE, MANAGEMENT AND RESOLUTION-DISPUTE MANAGEMENT AND RESOLUTION-ARBITRATION
650 ## - SUBJECT ADDED ENTRY--TOPICAL TERM
Topical term or geographic name entry element ARBITRATORS
690 ## - LOCAL SUBJECT ADDED ENTRY--TOPICAL TERM (OCLC, RLIN)
Topical term or geographic name as entry element DISPUTE RESOLUTION
9 (RLIN) 6236
710 ## - ADDED ENTRY--CORPORATE NAME
Corporate name or jurisdiction name as entry element College of Estate Management
9 (RLIN) 400
942 ## - ADDED ENTRY ELEMENTS (KOHA)
Suppress in OPAC 0
Holdings
Withdrawn status Lost status Source of classification or shelving scheme Damaged status Not for loan Home library Current library Shelving location Date acquired Cost, normal purchase price Total Checkouts Full call number Barcode Date last seen Date last checked out Copy number Cost, replacement price Price effective from Koha item type
    Dewey Decimal Classification     London London Enquiry desk 30/01/2003 35.50 63 ENQUIRY DESK 30068181 06/08/2019 18/09/2009 1 35.50 06/08/2019 Audio
  Missing       London London Missing 27/03/2003 30.17 57 ENQUIRY DESK 30067119 06/08/2019 07/02/2008 3 30.17 06/08/2019 Audio
    Dewey Decimal Classification     London London Enquiry desk 14/05/2003 30.17 65 ENQUIRY DESK 30067158 06/08/2019 18/12/2009 4 30.17 06/08/2019 Audio